000 00456nam a22001697a 4500
003 CEME
005 20210628204127.0
008 210106b xxu||||| |||| 00| 0 eng d
020 _a9783642147425
040 _cceme
082 _a629.892 KAN
100 _aKaneko, Makoto, Nakamura, Yoshihiko
_968865
245 _aRobotics research, the 13th international symposium isrr
260 _aINDIA
_bSPRINGER
_c2010
300 _aXIII, 449P
942 _cBK
_2ddc
999 _c576320
_d576320